| 000 | 00684nam a22002177a 4500 | ||
|---|---|---|---|
| 003 | OSt | ||
| 005 | 20260512110113.0 | ||
| 008 | 260512b |||||||| |||| 00| 0 eng d | ||
| 020 | _a9780753728666 | ||
| 040 |
_aKenya National Library Service _erda |
||
| 082 | _a625.2 ADL | ||
| 100 |
_aAdley, Robert _eauthor |
||
| 245 |
_aThe Call of steam / _cRobert Adley |
||
| 300 |
_a160 pages : _bcolour illustrations, portraits, maps ; _c26 cm. |
||
| 504 | _aIncludes index | ||
| 650 |
_aSteam Locomotive _vGreat Britain _xHistory |
||
| 650 |
_aRailroads _vGreat Britain _xHistory _y20th century |
||
| 942 |
_2ddc _cBK _n0 |
||
| 999 |
_c492706 _d492706 |
||